000 02370cad a22003615a 4500
001 L159503
008 100312s2011 xxk f f 000 0 eng d
020 _a9785961414585
035 _a(Sirsi) u159503
041 0 _arus
050 0 4 _a333.332 $2 18
110 2 _aRoyal Institution of Chartered Surveyors
_94900
240 0 0 _aRed Book
245 0 0 _aStandarty ocenki RICS or RICS valuation standards
_bAprel 2010
250 _a6th ed. (RICS Valuation Standards - April 2010 - Russian edition)
260 _aMoskva
_bRICS
_c2011
300 _a188p.
490 0 _aRICS Guidance Note
490 0 _aRICS Red Book
490 0 _aRICS Practice Statement
505 2 _aIntroduction: Purpose of these standards -- International Valuation Standards -- Enforcement of these Standards -- How these standards are arranged -- Amendments and exposure drafts -- Effective date -- Translations and national practice statements
505 2 _aGlossary
505 2 _aPractice statements: PS1 Compliance and ethical requirements -- PS2 Agreement of terms of engagement -- PS3 Basis of value -- PS4 Applications -- PS5 Investigations -- PS6 Valuation Reports
505 2 _aGuidance notes: GN1 Trade related property valuations -- GN2 Plant and equipment -- GN3 Valuations of portfolios and groups of properties --GN4 Mineral-bearing land and waste management -- GN5 Valuation uncertainty -- GN6 Personal property
505 2 _aValuation information papers
505 2 _aIndex
520 _aRICS Valuation Standards (The Red Book) is issued by RICS Valuation Faculty and contains mandatory rules and best practice guidance for all RICS members undertaking valuations services worldwide. The standards contained in this sixth edition are compliant with current International Valuation Standards, published by the International Valuation Standards Committee (IVSC).
520 _aThis update of the sixth edition of the Red Book introduces new material and amendments effective from 1 July 2009. The standards in the sixth edition came into effect on 1 January 2008 and superseded the "RICS appraisal and valuation standards" (ISBN 1842191233). This reprint of the sixth edition supersedes the previous version (E146786).
650 2 4 _aRICS VALUATION STANDARDS
651 4 _aInternational
690 _aPROPERTY-PROPERTY APPRAISAL AND VALUATION
942 _n0
_2ddc
999 _c115962
_d115962